1985 1588 1344 1328 1039 1313 1316 1574 1076 1401 1790 1003 1212 1855 1533 1653 1284 1608 1183 1739 1718 1485 1223 1692 1872 1064 1887 1361 1971 1007 1602 1021 1903 1514 1565 1308 1304 1316 1852 1828 1101 1385 1961 1085 1962 1434 1755 1449 1084 1743 1215 1932 1844 1046 1256 1419 1766 1344 1550 1657 1523 1074 1546 1935 1486 1279 1728 1220 1459 1266 1140 1073 1489 1632 1848 1549 1379 1649 1147 1555 1260 1335 1044 1559 1822 1220 1510 1870 1712 1037 1790 1931 1210 1093 1162 1991 1482 1410 1881 BCNSPRNW ULIB Ver.6.0+V

เปลี่ยนเป็นภาษาไทย

Change to English
 แสดงรายละเอียดบรรณานุกรม
  กลับหน้าหลัก

Brief Record : Get Marc (ISO 2709) : E-mail record : QR code < ปิดหน้าต่าง
LEADER : 00000nam 2200000uu 4500
001    13399126540
003     ULIB
008    181019s2018||||th 000 0 tha d
020    ^a9781496309808
060    ^aWN18.2^bD132P
100    ^aDavid M. Biko, Safwan Halabi, Steven L. Blumer
245    ^aPediatric Imaging: A Core Review
260    ^aPhiladelphia :^bWolters Kluwer,^c2018
300    ^a304 pages;^b30 cm
650    ^aDiagnostic Imaging
650    ^aChild Infant
650    ^aExamination Questions
945    ^p0^l0^i26808
999    ^aกัณชพร จุลอักษร
รายการนี้ยังไม่มีแท็ก
คุณยังไม่ได้ล็อกอิน คุณสามารถมีกิจกรรมร่วมกับเว็บไซต์ได้ แต่ต้องล็อกอินก่อน ::
  ล็อกอิน

รายการสื่อสารสนเทศ

ลำดับที่ ประเภท เลขเรียก/บาร์โค้ด สถานที่ สถานะ
1. วิทยาศาสตร์การแพทย์ และสุขภาพ
วิทยาศาสตร์การแพทย์ และสุขภาพ
WN18.2 D132P ฉ.1 
  Barcode: 26808
ห้องสมุดวิทยาเขตนครสวรรค์
►หนังสือทั่วไป:l:General Books
บนชั้น

รายการใกล้เคียง
    ชื่อเรื่อง [Pediatric Imaging: A Core Review]

    ผู้แต่ง [David M. Biko, Safwan Halabi, Steven L. Blumer]

    หัวเรื่อง [Diagnostic Imaging]
    หัวเรื่อง [Child Infant]
    หัวเรื่อง [Examination Questions]

BibComment


ยังไม่เคยถูกคอมเมนท์

คอมเมนท์ทรัพยากรรายการนี้
  คอมเมนท์: Pediatric Imagin..


 Copyright 2026. Bcnsprnw @Library